Truyện vui danh nhân, thi nhân
Saved in:
| Format: | Book |
|---|---|
| Tags: |
Add Tag
No Tags, Be the first to tag this record!
|
| Institutions: | Mạng thư viện Đại học Đà Nẵng |
|---|
| LEADER | 00585nam a2200193 4500 | ||
|---|---|---|---|
| 001 | 000014438 | ||
| 003 | 10803 | ||
| 005 | 20150812150830.0 | ||
| 008 | 120426s sd | ||
| 245 | 0 | 0 | |a Truyện vui danh nhân, thi nhân |c Lê Văn Yên |
| 774 | |a Lê Văn Yên |d Thanh niên |d TP. Hồ Chí Minh |d 1995 |g T.1 |h 227 tr. |t Truyện vui danh nhân, thi nhân |w 10805 | ||
| OWN | |a LSP | ||
| 999 | |a From the UDN01 | ||
| TYP | |a Monograph | ||
| TYP | |a Printed language | ||
| 980 | |a Mạng thư viện Đại học Đà Nẵng | ||